000 00709cab a2200217 4500
001 ABS39664
008 090401t1988 xxu||||| |||| 00| 0 eng d
035 _a(Sirsi) u18122
041 _aeng
100 _aKenny, P.H.
245 2 _aA Little `occupation` goes a long way
260 _c1988
350 _a0
490 _aLaw Society`s Gazette
_v85(30) 24 August 1988, 26-27(2)
520 _aReports on two recent cases which question the possibility of purchasing property subject to an overriding interest protected by occupation.
650 _aKINGSNORTH FINANCE CO LTD V TIZARD
650 _aLLOYDS BANK LTD V ROSSETT
690 _aPROPERTY LAW AND PRACTICE
942 _n0
948 _c04/03/1997
999 _c12018
_d12018